000 00947cam a22003013a 4500
001 9347
003 PGUSA
005 20140828083210.0
008 051101s2005||||xxu|||||s|||||000 1 eng d
040 _aPGUSA
_beng
042 _adc
050 4 _aPR
100 1 _aConrad, Joseph,
_d1857-1924
245 1 3 _aAn Outcast of the Islands
_h[electronic resource] /
_cJoseph Conrad
260 _bProject Gutenberg,
_c2005
506 _aCopyrighted. Read the copyright notice inside this book for details.
516 _aElectronic text
653 _aEuropeans -- Southeast Asia -- Fiction
653 _aPsychological fiction
653 _aSoutheast Asia -- Fiction
653 _aTrading companies -- Fiction
653 _aClerks -- Fiction
653 _aLingard, Tom (Fictitious character) -- Fiction
653 _aBetrayal -- Fiction
830 0 _aProject Gutenberg
_v9347
856 4 0 _uhttp://www.gutenberg.org/ebooks/9347
942 _cAB
999 _c238603
_d238603